Tính toán kết cấu bê tông cốt thép theo tiêu chuẩn ACI 318- 2002

Gardado en:
Detalles Bibliográficos
Autor Principal: Trần, Mạnh Tuấn
Formato: Libro
Idioma:Undetermined
Publicado: Hà Nội Xây dựng 2005
Những chủ đề:
Các nhãn: Engadir etiqueta
Sen Etiquetas, Sexa o primeiro en etiquetar este rexistro!
Thư viện lưu trữ: Trung tâm Học liệu Trường Đại học Cần Thơ
LEADER 00604nam a2200193Ia 4500
001 CTU_96186
008 210402s9999 xx 000 0 und d
020 |c 42000 
082 |a 624.1834 
082 |b T502 
100 |a Trần, Mạnh Tuấn 
245 0 |a Tính toán kết cấu bê tông cốt thép theo tiêu chuẩn ACI 318- 2002 
245 0 |c Trần Mạnh Tuấn 
260 |a Hà Nội 
260 |b Xây dựng 
260 |c 2005 
650 |a Concrete construction,Reinforced concrete 
904 |i Truc 
980 |a Trung tâm Học liệu Trường Đại học Cần Thơ